Odas: Olimpicas
Uloženo v:
| Hlavní autor: | |
|---|---|
| Médium: | Kniha |
| Jazyk: | španělština |
| Vydáno: |
Ciudad de México
Porrúa
1978
|
| Vydání: | 2a. ed |
| Edice: | Sepan cuantos, 248
|
| Témata: | |
| Tagy: |
Přidat tag
Žádné tagy, Buďte první, kdo vytvoří štítek k tomuto záznamu!
|
MARC
| LEADER | 00000nam a2200000 a 4500 | ||
|---|---|---|---|
| 001 | UCX6696 | ||
| 003 | CL-VaPUC | ||
| 008 | 930805e19780000MX |||||||||||||||||spa|d | ||
| 082 | 0 | 4 | |a 881 |b PIN |2 21 |
| 100 | 0 | |a Píndaro |e author |9 323045 | |
| 245 | 1 | 0 | |a Odas: Olimpicas |
| 246 | 1 | 0 | |a Piticas |
| 246 | 1 | 0 | |a Nemeas |
| 246 | 1 | 0 | |a Istmicas con fragmentos de otras obras de Pindaro y otros liricos griegos |
| 250 | |a 2a. ed | ||
| 300 | |a 186 p | ||
| 942 | |c BK | ||
| 945 | |d 19930805 00:00:00 | ||
| 260 | |a Ciudad de México |b Porrúa |c 1978 | ||
| 650 | 0 | |a Poesía griega |9 265627 | |
| 583 | |a last modification |c 19930805 00:00:00 |k Rodrigo Vera | ||
| 490 | 0 | |a Sepan cuantos, 248 | |
| 999 | |c 226678 |d 226676 | ||
| 952 | |0 0 |1 0 |4 0 |6 881_000000000000000_PIN_1978 |7 0 |8 A |9 225210 |a BIBEDU |b BIBEDU |d 2019-11-15 |i 2939193 |o 881 PIN 1978 |p 2939193 |r 2019-11-15 |w 2019-11-15 |y BK |k LIT | ||
| 952 | |0 0 |1 0 |4 0 |6 881_000000000000000_PIN_1978 |7 0 |8 P |9 225211 |a BIBARQ |b BIBARQ |d 2019-11-15 |i 3223302 |o 881 PIN 1978 |p 3223302 |r 2025-01-20 |w 2019-11-15 |y BK |k ARQ | ||
| 952 | |0 0 |1 0 |4 0 |6 881_000000000000000_PIN_1978 |7 0 |8 A |9 225212 |a BIBEDU |b BIBEDU |d 2019-11-15 |i 1461206 |o 881 PIN 1978 |p 1461206 |r 2019-11-15 |w 2019-11-15 |y BK |k LIT | ||